1050 1323 1577 1184 1274 1247 1204 1104 1863 1709 1964 1514 1179 1002 1315 1076 1168 1060 1353 1401 1625 1911 1877 1712 1888 1936 1632 1048 1044 1376 1169 1726 1853 1083 1030 1835 1133 1485 1761 1749 1618 1499 1132 1060 1599 1537 1890 1106 1047 1950 1674 1734 1529 1816 1416 1938 1247 1284 1985 1557 1782 1351 1355 1414 1647 1481 1147 1126 1433 1967 1506 1885 1341 1133 1513 1910 1784 1966 1718 1542 1743 1685 1237 1567 1753 1520 1437 1013 1572 1103 1838 1379 1274 1760 1723 1356 1324 1356 1852 BCNSPRNW ULIB Ver.6.0+V

เปลี่ยนเป็นภาษาไทย

Change to English
 แสดงรายละเอียดบรรณานุกรม
  กลับหน้าหลัก

Brief Record : Get Marc (ISO 2709) : E-mail record : QR code < ปิดหน้าต่าง
LEADER : 00000nam 2200000uu 4500
001    13399108913
003     ULIB
008    110316s2547||||th 000 0 tha d
020    9789740955016
060 04 WY20.5^bบ418ร 2547
100 0  บุญใจ ศรีสถิตย์นรากูร
245 10 ระเบียบวิธีการวิจัยทางพยาบาลศาสตร์ =^bThe methodology innursing research /^cบุญใจ ศรีสถิตย์นรากูร
246 31 The methodology in nursing research
250    พิมพ์ครั้งที่ 3
260    กรุงเทพฯ :^bคณะพยาบาลศาสตร์ จุฬาลงกรณ์มหาวิทยาลัย,^c2547
300    568 หน้า :^bภาพประกอบ ;^c26 ซม.
650  7 การพยาบาล^xวิจัย^xวิธีวิทยา
650  7 การพยาบาล^xการศึกษาและการสอน
650  7 วิจัย
710 2  จุฬาลงกรณ์มหาวิทยาลัย. ^bคณะพยาบาลศาสตร์
945    ^p350^l0^i016795
945    ^p350^l0^i016794
945    ^p350^l0^i016793
995    เกษร
999 ^a ใช้งานได้ทุกระบบ
รายการนี้ยังไม่มีแท็ก
คุณยังไม่ได้ล็อกอิน คุณสามารถมีกิจกรรมร่วมกับเว็บไซต์ได้ แต่ต้องล็อกอินก่อน ::
  ล็อกอิน

รายการสื่อสารสนเทศ

ลำดับที่ ประเภท เลขเรียก/บาร์โค้ด สถานที่ สถานะ
- ไม่พบข้อมูล -

รายการใกล้เคียง
    ผู้แต่ง [บุญใจ ศรีสถิตย์นรากูร]

    หัวเรื่อง [วิจัย]

BibComment


ยังไม่เคยถูกคอมเมนท์

คอมเมนท์ทรัพยากรรายการนี้
  คอมเมนท์: ระเบียบวิธีการวิจ..


 Copyright 2026. Bcnsprnw @Library